000 00806nam a22002417a 4500
001 0007013
003 DO-SdBNP
005 20180117094855.0
007 0007013
008 161201b 1974 pe a ||||| |||| 00| 0 spa d
040 _aBPMSU
_bspa
_cBPMSU
082 _axxxx
_bxxxx
100 1 _aCosta, Odylo
245 1 0 _aLos bichos en el Cielo /
_cpoemas de Odylo Costa, filho ; ill. de Nazareth Costa ; trad. de Abelardo Sánchez León.
260 _aLima, Perú :
_bCentro de Estudios Brasilenos,
_c1974.
300 _a[27] p. :
_bil. ;
_c20 cm.
500 _aTraducción de: Kumagera no mori.
700 1 _aCosta, Nazareth,
_eil.
700 1 _aSánchez León, Abelardo,
_etr.
942 _2ddc
_cBK
945 _ainventariado extranjero / 2018 dg
956 _2LOPEREZ
_310
_620161201
_8BPMSU
_a00041
999 _c12199
_d12199